| 000 | 00544nam a22001697a 4500 | ||
|---|---|---|---|
| 005 | 20251108164316.0 | ||
| 008 | 250721s1987 xx 000 0 ara d | ||
| 082 | 1 | 4 | _a355.3432/يوس |
| 100 | 1 | _aأبو ليل، يوسف | |
| 245 | 1 | 0 | _aسادة السحر الأسود السيطرة على العقل و السلوك البشريين / |
| 264 | 1 |
_aعمان : _bالمؤلف، _c1987. |
|
| 300 | _a150ص | ||
| 650 | 1 | 7 | _aوكالة الإستخبارات المركزية |
| 650 | 1 | 7 | _aالجواسيس |
| 942 |
_2ddc _cBK |
||
| 999 |
_c8960 _d8960 |
||